| 000 | 01305nam a2200265 a 4500 | ||
|---|---|---|---|
| 001 | 000726324 | ||
| 003 | AM-YeHGA | ||
| 005 | 20250618073738.0 | ||
| 008 | 100407s2009 ai | |||||||||||||arm|d | ||
| 020 | _z978-9939-58-036-4 | ||
| 040 | _aAM-YeHGA | ||
| 041 | 1 | _aarm | |
| 245 | 0 | 0 |
_aՏաջիկական գրականության անթոլոգիա / _cԽմբ. և առաջաբ.՝ Հովհ. Գրիգորյան; Թարգմ.՝ Հ. Բեյլերյան, Ս. Կուրազյան և ուրիշն. |
| 246 | 1 | 5 | _aАнтология таджикской литературы |
| 260 |
_aԵրևան : _bՀԳՄ հրատ., _c2009. |
||
| 300 |
_a231 էջ : _bդիմանկ. ; _c20 սմ. |
||
| 500 | _aՏողատակի ծանոթագր. | ||
| 650 | 1 | 4 |
_aՏաջիկական գրականություն _xԺողովածու |
| 700 | 1 |
_aԳրիգորյան, Հովհաննես Երվանդի, _d1945-2013 _eխմբ. _4edt _eառաջաբ. _4aui _91645 |
|
| 700 | 1 |
_aԲեյլերյան, Հրաչյա Հայկի, _d1952-2013 _eթարգմ. _4trl _92792 |
|
| 700 | 1 |
_aԿուրազյան, Սեթ _eթարգմ. _4trl |
|
| 700 | 1 |
_aԳեղամյան, Սեյրանուհի Հայկազի, _d1952- _eթարգմ. _4trl _92724 |
|
| 700 | 1 |
_aՆահապետյան, Ռաֆայել Հայկարամի, _d1946- _eթարգմ. _4trl _92740 |
|
| 090 | _c270038 | ||
| 999 |
_c268401 _d268401 |
||